000 00521nam a2200133Ia 4500
008 171207s9999 xx 000 0 und d
100 _aKlein, Nadav
245 4 _aThe power and limits of personal change: When a bad past does (and does not) inspire in the present.
245 _cKlein, Nadav; O'Brien, Ed.
260 _c2017
300 _apages 210-229, August 2017
440 _aJournal of Personality and Social Psychology
_v113:2
650 _aANTISOCIL BEHAVIOR, CHANGE, IMPROVEMENT, INSPIRATION, SELF-OTHER JUDGMENT
999 _c347609
_d347609